NATO Länder (mit Karte) - Statistiken

Allgemein
  • Dieses Quiz wurde 133 mal gespielt
  • Das Durchschnittsergebnis liegt bei 31 aus 32
Antworten auf der Karte
Die Antworten werden auf der Karte rot bzw. grün angezeigt, abhängig davon wie oft sie richtig erraten wurden.
 
Antwortstatistiken
Antwort % Korrekt
seit 1955 Deutschland
100%
seit 1949 Portugal
100%
seit 1982 Spanien
100%
seit 1949 Vereinigtes Königreich
100%
seit 1949 Belgien
99%
seit 2023 Finnland
99%
seit 1949 Frankreich
99%
seit 1949 Norwegen
99%
seit 1949 Vereinigte Staaten
99%
seit 1949 Dänemark
98%
seit 1952 Griechenland
98%
seit 1949 Italien
98%
seit 1949 Niederlande
98%
seit 2024 Schweden
98%
seit 1999 Polen
97%
seit 2004 Estland
96%
seit 1949 Kanada
96%
seit 2009 Kroatien
96%
seit 2004 Lettland
96%
seit 2004 Litauen
96%
seit 2004 Slowakei
96%
seit 2004 Slowenien
96%
seit 2004 Rumänien
95%
seit 1999 Tschechien
95%
seit 2009 Albanien
94%
seit 1949 Island
94%
seit 1952 Türkei
94%
seit 1999 Ungarn
94%
seit 2004 Bulgarien
93%
seit 1949 Luxemburg
90%
seit 2020 Nordmazedonien
90%
seit 2017 Montenegro
86%
Keine übereinstimmenden Quizze gefunden
Verteilung der Resultate
Anzahl Personen mit jedem Resultat
Perzentil nach korrekt beantworteten Fragen
Ihre Resultats-Entwicklung
Sie haben dieses Quiz noch nicht gespielt